000 00519nam a2200181 4500
001 24551
005 20230410143301.0
008 060907n2003 dr spa
020 _a9584205285
035 _9funglode24732
041 _aES
050 1 4 _aLuis M. Florentino
100 _aRonderos, Carlos
245 1 _aRebelión y amnistía :
_bLa historia colombiana del siglo XX contada por sus protagonistas /
_cCarlos Ronderos
260 _aBogotá :
_bEspasa,
_c2003
300 _a263 p.
942 _2lcc
_cbk
999 _c98751
_d98751